000
00182nam a2200073Ia 4500
008
180219s9999 xx 000 0 und d
100
_a
Sharma Manjulata
245
0
_a
Pratibhasalio Ki Shiksha
260
_a
Shipra Delhi
999
_c
41193
_d
41193